Geography Quiz

Random Geography or World Quiz

Invisible Countries of the World Quiz Stats

 Plays Quiz Updated Oct 14, 2021

     
Support Sporcle.
Go Orange.
Score 0/197 Timer 20:00
4 Plays Today
% Correct
United States
93.6%
Canada
91.8%
United Kingdom
91%
Mexico
90%
France
89.6%
Russia
89.5%
China
88.6%
Germany
88.5%
Spain
88.3%
Australia
88.1%
Brazil
88%
Sweden
87.4%
Italy
87.3%
Japan
87.2%
Argentina
87.1%
Norway
86.7%
India
86.6%
Finland
86.4%
Portugal
86.2%
Ireland
86.2%
Iceland
85.9%
Chile
85.9%
Egypt
85.6%
South Africa
85.3%
Denmark
84.9%
New Zealand
84.9%
North Korea
84.8%
South Korea
84.8%
Iran
84.8%
Austria
84.4%
Iraq
84.4%
Greece
84.3%
Turkey
84.3%
Poland
84%
Peru
83.8%
Cuba
83.5%
Switzerland
83.2%
Belgium
83.1%
Pakistan
83.1%
Netherlands
82.9%
Vietnam
82%
Israel
82%
Afghanistan
81.8%
Colombia
81.7%
Indonesia
81.6%
Uruguay
81.3%
Thailand
81.3%
Panama
81.3%
Paraguay
81.1%
Morocco
80.9%
Ukraine
80.6%
Niger
80.6%
Hungary
80.4%
Venezuela
80.3%
Saudi Arabia
80.1%
Czechia
79.8%
Estonia
79.7%
Jamaica
79.7%
Haiti
79.7%
Romania
79.7%
Latvia
79.6%
Vatican City
79.4%
Slovakia
79.3%
Syria
79.3%
Lithuania
79.2%
United Arab Emirates
79.2%
% Correct
Mongolia
79.2%
Nepal
79.1%
Sudan
79.1%
Bolivia
78.9%
Algeria
78.9%
Croatia
78.7%
Laos
78.7%
Kenya
78.6%
Nigeria
78.5%
Yemen
78.4%
Andorra
78.3%
Luxembourg
78.3%
Libya
78.2%
Ecuador
78.2%
Oman
78.2%
Slovenia
78.1%
Albania
78%
Costa Rica
77.9%
Honduras
77.9%
Madagascar
77.8%
Cambodia
77.7%
Dominica
77.6%
Malaysia
77.5%
Bulgaria
77.1%
Serbia
77.1%
Guatemala
77%
Jordan
76.8%
Kazakhstan
76.7%
Belarus
76.7%
Ethiopia
76.6%
Belize
76.6%
Chad
76.5%
Zimbabwe
76.2%
Monaco
76.1%
Uzbekistan
75.9%
Qatar
75.6%
Georgia
75.6%
Turkmenistan
75.5%
Cyprus
75.5%
Dominican Republic
75.4%
Nicaragua
75.4%
Bahamas
75.3%
Somalia
75.3%
Dem. Rep. of the Congo
75.2%
Fiji
75.1%
South Sudan
75%
Malta
75%
Tunisia
75%
El Salvador
75%
Myanmar
74.9%
Philippines
74.8%
Taiwan
74.7%
Guyana
74.7%
North Macedonia
74.6%
Singapore
74.5%
Sri Lanka
74.4%
Ghana
74.3%
Lebanon
74.3%
Bangladesh
74.2%
San Marino
74.1%
Armenia
74.1%
Suriname
73.9%
Bosnia and Herzegovina
73.8%
Guinea
73.7%
Liechtenstein
73.6%
Azerbaijan
73.5%
% Correct
Angola
73.5%
Mali
73.4%
Zambia
73.3%
Bhutan
73.1%
Kuwait
73.1%
Montenegro
73.1%
Kosovo
72.8%
Lesotho
72.8%
Uganda
72.8%
Cote d'Ivoire
72.7%
Rwanda
72.7%
Moldova
72.4%
Tanzania
72.3%
Trinidad and Tobago
72.2%
Palestine
72%
Togo
71.9%
Barbados
71.9%
Namibia
71.8%
Papua New Guinea
71.4%
Tajikistan
71.3%
Eswatini
71.3%
Cen. Afr. Rep.
71.3%
Eritrea
71.3%
Liberia
71.2%
Senegal
70.6%
Mozambique
70.3%
Rep of the Congo
70.3%
St. Kitts and Nevis
70.3%
Cameroon
70.2%
Botswana
70.1%
Bahrain
70.1%
Djibouti
70%
Maldives
69.9%
Seychelles
69.9%
Kyrgyzstan
69.8%
The Gambia
68.8%
Mauritania
68.8%
Mauritius
68.7%
Benin
68.5%
St. Lucia
68.4%
Brunei
68.2%
Samoa
68.1%
Marshall Islands
67.9%
Tonga
67.9%
Guinea-Bissau
67.8%
Malawi
67.5%
Equatorial Guinea
67.4%
St. Vincent-Grenadines
67.1%
Sierra Leone
67.1%
Antigua and Barbuda
66.9%
Gabon
66.9%
Burundi
66.8%
Grenada
66.6%
Solomon Islands
66.5%
Micronesia
66.4%
Vanuatu
66.2%
Timor-Leste
66.2%
Palau
66.2%
Cabo Verde
65.9%
Tuvalu
65.8%
Comoros
65.7%
Burkina Faso
65.6%
Nauru
65.5%
Kiribati
65%
São Tomé and Príncipe
63.2%

From the Vault

Brady Bunch?

by sproutcm

Getting all these people in a show together would be...interesting to say the least.
Remove Ads.
Support Sporcle.
Get the best of Sporcle when you Go Orange. This ad-free experience offers more features, more stats, and more fun while also helping to support Sporcle. Thank you for becoming a member.

Show Comments

Extras

Top Quizzes Today


Score Distribution

Your Account Isn't Verified!

In order to create a playlist on Sporcle, you need to verify the email address you used during registration. Go to your Sporcle Settings to finish the process.

Report this User

Report this user for behavior that violates our Community Guidelines.

Details: